El sueño de Penélope ; (Registro nro. 7767)

Detalles MARC
000 -LIDER
fixed length control field 01085nam a2200301 a 4500
001 - NÚMERO DE CONTROL
Identificador de número de control
003 - IDENTIFICACDOR DE NÚMERO DE CONTROL
control field DO-SdBNP
005 - DATE AND TIME OF LATEST TRANSACTION
control field 20220315080441.0
007 - CAMPOS FIJOS DE DESCRIPCIÓN FÍSICA
fixed length control field 000023932
008 - ELEMENTOS DE LONGITUD FIJA
fixed length control field 110117s2010 dr a 000 j spa d
020 ## - ISBN
International Standard Book Number 9789945460582
040 ## - FUENTE DE CATALOGACIÓN
Agencia que crea de manera original el registro BPMSU
Idioma de catalogación spa
Agencia que realiza la transcripción BPMSU
082 ## - NÚMERO DE CLASIFICACIÓN DECIMAL DE DEWEY
Classification number RD863.44
Item number G861s 201
Edition number 22
100 1# - ASIENTO PRINCIPAL -- NOMBRE PERSONAL
Nombre personal Grimaldi Silié, Eleanor
245 13 - MENCIÓN DE TITULO
Título El sueño de Penélope ;
Subtítulo cuentos y poemas infantiles y juveniles /
Mención de responsabilidad Eleanor Grimaldi Silié , Enrique Pérez Díaz ; ilustradores Werner Olmos ... [et al.]
260 ## - PUBLICACIÓN, DISTRIBUCIÓN, ETC. (PIE DE IMPRENTA)
Campo enlazado y núm. de secuencia Santo Domingo :
Nombre del editor, distribuidor, etc. Santuario,
Fecha de publicación, distribución, etc 2010.
300 ## - DESCRIPCIÓN FÍSICA
Extensión 129 p. :
Otros detalles físicos il. ;
Dimensiones 21 cm.
500 ## - NOTA GENERAL
Nota general Incluye datos biográficos de la autora en las solapas
501 ## - NOTA DE PUBLICADO O ENCUADERNADO
With note Publicado con: Cuentos y poemas infantiles y juveniles
590 ## - NOTA LOCAL
Enlace Inventariado, 2022/VM
650 #4 - ENCABEZAMIENTO DE MATERIA--TEMÁTICO
Término temático o nombre geográfico como elemento de entrada Cuentos infantiles dominicanos
650 #4 - ENCABEZAMIENTO DE MATERIA--TEMÁTICO
Término temático o nombre geográfico como elemento de entrada Poesía infantil dominicana
650 #4 - ENCABEZAMIENTO DE MATERIA--TEMÁTICO
Término temático o nombre geográfico como elemento de entrada Literatura infantil dominicana
700 1# - ASIENTO SECUNDARIO -- NOMBRE PERSONAL
Nombre personal Péerez Díaz, Enrique
Título de una obra
700 1# - ASIENTO SECUNDARIO -- NOMBRE PERSONAL
Nombre personal Olmos, Werner,
Mención de responsabilidad il.
910 ## - VALIDACIÓN
Validación VMateo V. / Validado. Control de calidad MFF
942 ## - ADDED ENTRY ELEMENTS (KOHA)
Source of classification or shelving scheme Dewey Decimal Classification
Koha item type Libros
Existencias
Withdrawn status Lost status Source of classification or shelving scheme Damaged status Not for loan Collection code Home library Current library Date acquired Total Checkouts Full call number Barcode Date last seen Price effective from Koha item type Copy number
    Dewey Decimal Classification     Colección Infantil Dominicana Biblioteca Pública Metropolitana Salomé Ureña Biblioteca Pública Metropolitana Salomé Ureña 05/01/2015   BPMSU CID RD863.44 G861s2010 BPMSU15051503 05/01/2015 05/01/2015 Libros  
    Dewey Decimal Classification     Colección Infantil Dominicana Biblioteca Pública Metropolitana Salomé Ureña Biblioteca Pública Metropolitana Salomé Ureña 05/01/2015   BPMSU CID RD863.44 G861s2010 BPMUS15051504 05/01/2015 05/01/2015 Libros e. 2